El material de los sueños : historias del cine y del espectáculo /

Guardat en:
Dades bibliogràfiques
Autor principal: Roncagliolo, Santiago (autor)
Format: Llibre
Idioma:espanyol
Publicat: Barcelona, España : Arpa, 2018, c2018
Col·lecció:(Arpa Literaria ; 51)
Matèries:
Etiquetes: Afegir etiqueta
Sense etiquetes, Sigues el primer a etiquetar aquest registre!

MARC

LEADER 00000nam^a2200000^a^4500
001 000409984
005 20250521000000.0
009 20260310122035.105
020 |a 978-84-16601-73-8 
037 |a Acervo ITESO - Biblioteca 
041 |a ESP 
082 |a 306. 4  |b RON 
100 |a Roncagliolo, Santiago  |e (autor) 
245 1 3 |a El material de los sueños :  |b historias del cine y del espectáculo /  |c S. Roncagliolo. 
264 4 |a Barcelona, España :  |b Arpa,  |c 2018, c2018 
300 |a 319 p. 
336 |a texto  |b txt  |2 rdacontenido 
337 |a sin mediación  |b n  |2 rdamedio 
338 |a volumen  |b nc  |2 rdasoporte 
440 1 |a (Arpa Literaria ;  |v 51) 
521 |a FIL 2018 DIA 
586 |a Premio Príncipe de Asturias de las Letras 1986, ex aequo: Biografías, crítica e interpretación 
586 |a Premio Miguel de Cervantes 1994: Biografías, crítica e interpretación 
586 |a Premio Nobel de Literatura 2010: Biografías, crítica e interpretación 
649 |a XX 
650 |a Ensayos Peruanos 
650 |a Crónicas Peruanas 
650 |a Literatura y Cine 
650 |a Literatura y Periodismo 
650 |a Literatura Peruana -  |y Siglo XXI 
650 |a Cine Norteamericano -  |x Historia y Crítica 
650 |a Cine Español -  |x Historia y Crítica 
650 |a Medios de Comunicación -  |x Función Entretenimiento y Recreación 
650 |a Industria Cultural -  |x Tema Principal 
650 |a Abascal, Naty 
650 |a Auserón, Santiago 
650 |a Balagueró, Jaume 
650 |a Beaton, Cecil 
650 |a Brando, Marlon 
650 |a Cámara, Javier 
650 |a Coixet, Isabel 
650 |a Costos, James 
650 |a DiCaprio, Leonardo 
650 |a Farrow, Mia 
650 |a Godard, Jean-Luc 
650 |a Holmes, Sherlock 
650 |a Kelly, Grace 
650 |a Kubrick, Stanley 
650 |a Morente, Enrique 
650 |a Morente, Estrella 
650 |a Peña, Candela 
650 |a Perminova, Elena 
650 |a Tarantino, Quentin 
650 |a Travolta, John 
650 |a Vargas Llosa, Mario 
650 |a Wilder, Billy 
650 |a Cirque du Soleil 
600 1 |a Bowie, David 
600 |a Diana,  |c Princesa de Gales 
910 |a Fondo General 
920 |a Impresos - Libros 
930 |a Colección General 
905 |a 101 
901 |a 0500311270  |b IT1  |c ACC  |i C163956  |u 20250521 
902 |a https://opac.biblio.iteso.mx/vufind/Record/000409984